[Event "Canada vs. USA"]
[Site "CCCA"]
[Date "2014.01.15"]
[Round "1"]
[White "Labonté, Richard"]
[Black "Katz, Andrew"]
[Result "1-0"]
[WhiteElo "2454"]
[BlackElo "2264"]
[EventDate "2014.01.17"]
[Board "1"]
[WhiteTeam "Canada "]
[BlackTeam "U.S.A."]

1.e4 e6 2.d4 d5 3.Nd2 dxe4 4.Nxe4 Nd7 5.Nf3 Be7 6.Bd3 Ngf6 7.Qe2 Nxe4 8.
Qxe4 Nf6 9.Qe2 O-O 10.Bg5 Bd7 11.O-O Nd5 12.Bd2 Bc6 13.Ne5 Bf6 14.Rad1 
Bxe5 15.dxe5 Qh4 16.g3 Qh3 17.f4 Ne7 18.Bb4 Rfe8 19.Bxe7 Rxe7 20.Rd2 Rd7 
21.Rfd1 Rad8 22.b4 a6 23.Be4 Rxd2 24.Rxd2 Rxd2 25.Qxd2 g6 26.Qd8+ Kg7 27.
Qf6+ Kg8 28.Bxc6 bxc6 29.Qh4 Qf5 30.Qd8+ Kg7 31.Qd3 Qg4 32.Kg2 g5 33.h3 
Qh5 34.g4 Qh6 35.f5 exf5 36.Qxf5 c5 37.e6 Qxe6 38.Qxg5+ Qg6 39.Qxc5 Qe4+ 
40.Kf2 Qf4+ 41.Ke2 Qh2+ 42.Qf2 Qxh3 43.Qd4+ Kg6 44.Qd3+ Qxd3+ 45.Kxd3 1-0

[Event "Canada vs. USA"]
[Site "CCCA"]
[Date "2014.01.15"]
[Round "2"]
[White "Katz, Andrew"]
[Black "Labonté, Richard"]
[Result "1/2-1/2"]
[WhiteElo "2264"]
[BlackElo "2454"]
[EventDate "2014.01.17"]
[Board "1"]
[WhiteTeam "U.S.A."]
[BlackTeam "Canada "]

1.e4 c5 2.Nc3 d6 3.f4 Nc6 4.Nf3 g6 5.Bc4 Bg7 6.O-O e6 7.d3 Nge7 8.Qe1 O-O 
9.Qh4 d5 10.Bb3 Na5 11.f5 gxf5 12.Bh6 Nxb3 13.axb3 f6 14.Bxg7 Kxg7 15.Qg3+
Kh8 16.e5 Nc6 17.exf6 Rg8 18.Qh4 Rg4 19.Qh6 Rg6 20.Qh4 Qf8 21.Nb5 Qxf6 22.
Qxf6+ Rxf6 23.c3 a6 24.d4 Rb8 25.Nd6 cxd4 26.cxd4 Bd7 27.Ne5 Nxe5 28.dxe5 
Rg6 29.Rf4 Bc6 30.g3 Rbg8 31.Raf1 h6 32.Kf2 R8g7 33.Ke3 Rg4 34.R1f2 Kg8 
35.Kd4 h5 36.Kc5 Rxf4 37.Rxf4 Rg4 38.Rxg4+ hxg4 39.Kd4 Kf8 40.b4 Ke7 41.
Nc8+ Kd7 42.Nd6 Kc7 43.Nf7 Kb6 44.Nd6 Bd7 45.Kc3 Kc7 1/2-1/2

[Event "Canada vs. USA"]
[Site "CCCA"]
[Date "2014.01.15"]
[Round "1"]
[White "Giroux, Michel"]
[Black "Askvig, Brent"]
[Result "0-1"]
[WhiteElo "1712"]
[BlackElo "1739"]
[EventDate "2014.01.17"]
[Board "8"]
[WhiteTeam "Canada "]
[BlackTeam "U.S.A."]

1.e4 d6 2.d4 Nf6 3.Nc3 g6 4.Bg5 Bg7 5.Qd2 h6 6.Be3 Ng4 7.Bc4 Nc6 8.d5 Na5 
9.Bb5+ c6 10.dxc6 bxc6 11.Ba4 Ba6 12.Nge2 Qc7 13.Nd5 Qd8 14.Rb1 O-O 15.
Nxe7+ Qxe7 16.Qxa5 Bxe2 17.Kxe2 Nxe3 18.Kxe3 c5 19.c3 f5 20.f3 Qg5+ 21.f4 
Qxg2 22.Bc2 Qxc2 0-1

[Event "Canada vs. USA"]
[Site "CCCA"]
[Date "2014.01.15"]
[Round "2"]
[White "Chessing, James L."]
[Black "de Breyne, Victor"]
[Result "1/2-1/2"]
[WhiteElo "2042"]
[BlackElo "2180"]
[EventDate "2014.01.17"]
[Board "4"]
[WhiteTeam "U.S.A."]
[BlackTeam "Canada "]

1.d4 d5 2.Bf4 c5 3.e3 Nc6 4.c3 Nf6 5.Nd2 e6 6.Ngf3 Qb6 7.Qb1 Bd7 8.Bd3 Be7
9.O-O Rc8 10.h3 O-O 11.Ne5 Rfd8 12.g4 h6 13.Ndf3 Be8 14.h4 Nxe5 15.Nxe5 
Bb5 16.g5 hxg5 17.hxg5 Bxd3 18.Qxd3 Nd7 19.Nxd7 Rxd7 20.Qe2 Bd6 21.Bxd6 
Qxd6 22.f4 Kf8 23.Qh5 Ke7 24.Qh7 g6 25.Qg7 Kd8 26.Qf6+ Re7 27.Rf2 Kc7 28.
Rh2 cxd4 29.exd4 b5 30.a3 Kb6 31.Rh7 Rf8 32.Rg7 Rc7 33.Qe5 Qxe5 34.fxe5 
Rb8 35.Rf1 Rbb7 36.Rf3 a5 1/2-1/2

[Event "Canada vs. USA"]
[Site "CCCA"]
[Date "2014.01.15"]
[Round "1"]
[White "de Breyne, Victor"]
[Black "Chessing, James L."]
[Result "1/2-1/2"]
[WhiteElo "2180"]
[BlackElo "2042"]
[EventDate "2014.01.17"]
[Board "4"]
[WhiteTeam "Canada "]
[BlackTeam "U.S.A."]

1.d4 Nf6 2.Bg5 d6 3.Bxf6 exf6 4.g3 g6 5.Bg2 Bg7 6.e3 O-O 7.Ne2 c5 8.O-O 
Nc6 9.c3 Bg4 10.Qc2 Qd7 11.Nf4 g5 12.Nd5 Rac8 13.dxc5 dxc5 14.c4 Nb4 15.
Qb3 Nxd5 16.Bxd5 f5 17.Nd2 f4 18.exf4 gxf4 19.Nf3 b6 20.Qc2 Qf5 21.Be4 Qh5
22.Nh4 Bh3 23.Rfe1 Rce8 24.Rad1 Bd4 25.Bf5 fxg3 26.hxg3 Bxf5 27.Qxf5 Qxf5 
28.Nxf5 Rxe1+ 29.Rxe1 Bf6 30.Re2 Rd8 31.Kg2 h5 32.Kf3 Kh7 33.b3 Rd7 34.Ne3
Kg6 35.Nd5 Kf5 36.Re8 Bd4 37.a4 Bf6 38.Re1 Bg5 39.Rh1 Kg6 40.Ke4 1/2-1/2

[Event "Canada vs. USA"]
[Site "CCCA"]
[Date "2014.01.15"]
[Round "2"]
[White "Hayden, Michael V."]
[Black "Leskowsky, Zoltan Emerk"]
[Result "0-1"]
[WhiteElo "1951"]
[BlackElo "2046"]
[EventDate "2014.01.17"]
[Board "5"]
[WhiteTeam "U.S.A."]
[BlackTeam "Canada "]

1.d4 Nf6 2.c4 g6 3.Nc3 d5 4.Bg5 Bg7 5.e3 c6 6.Nf3 O-O 7.a4 Be6 8.cxd5 Nxd5
9.Nxd5 Bxd5 10.Be2 Nd7 11.O-O Nf6 12.Rc1 Ne4 13.Bf4 Qb6 14.Bc4 Rad8 15.
Bxd5 Rxd5 16.Qc2 Nf6 17.Ne5 Nh5 18.Nc4 Qd8 19.Be5 Bh6 20.h3 f6 21.Bh2 b5 
22.Nd2 Qd7 23.Qxc6 bxa4 24.Qxd7 Rxd7 25.Rc4 e5 26.Nf3 e4 27.Nd2 f5 28.Ra1 
Rb7 29.Ra2 a3 30.bxa3 Rd8 31.Be5 Bf8 32.Rc3 Bd6 33.Bxd6 Rxd6 34.Rac2 Rdd7 
35.Rc4 Nf6 36.Rc6 Nd5 37.g3 Kf7 38.Kf1 Rb6 39.R6c5 Ke7 40.Rc6 Rdb7 41.Rxb6
Rxb6 42.a4 Ra6 43.Rc5 Ke6 44.a5 h6 45.Nc4 Nb4 46.Ne5 g5 47.Ke2 h5 0-1

[Event "Canada vs. USA"]
[Site "CCCA"]
[Date "2014.01.17"]
[Round "2"]
[White "Quigley, Daniel J."]
[Black "Taylor, Bob"]
[Result "1/2-1/2"]
[WhiteElo "2100"]
[BlackElo "2098"]
[EventDate "2014.01.17"]
[Board "14"]
[WhiteTeam "U.S.A."]
[BlackTeam "Canada"]

1.b3 d5 2.Bb2 c5 3.e3 Nf6 4.Nf3 e6 5.Ne5 Bd6 6.f4 O-O 7.Bd3 Nc6 8.O-O Nb4 
9.Be2 Qe7 10.c4 Nc6 11.d3 d4 12.Nxc6 bxc6 13.exd4 cxd4 14.Bxd4 e5 15.Bc3 
e4 16.d4 Bf5 17.Bb2 Rfe8 18.Nc3 Qc7 19.g4 Bd7 20.g5 Bxf4 21.Rxf4 Qxf4 22.
gxf6 Re6 23.Qc1 Qxf6 24.Kh1 Qh4 25.Qe1 Qf4 26.Qg3 Qd2 27.d5 Rg6 28.Bc1 Qd4
29.Qe3 Qe5 30.Bb2 cxd5 31.cxd5 Bg4 32.Bxg4 Rxg4 33.Qe2 f5 34.Nd1 Qd6 35.
Ne3 Rg5 36.Rc1 f4 37.h4 Qh6 38.Qh2 Rh5 39.Ng4 Qd6 40.Qg1 Rxh4+ 41.Nh2 Qg6 
42.Rc7 Qxg1+ 43.Kxg1 Rd8 44.Rxg7+ Kf8 45.Rg5 Rc8 46.Ng4 Ke7 47.Ba3+ Kf7 
48.d6 e3 49.Ne5+ Kf6 50.Nf3 Rh3 51.Kg2 Rg3+ 52.Rxg3 fxg3 53.Nd4 e2 54.Bb4 
Re8 55.Be1 Rd8 56.Nxe2 Rxd6 57.Nxg3 Rd1 58.Bc3+ Kg6 59.Ne4 h5 60.Nf2 Rc1 
61.Bd4 a6 62.Kf3 Kf5 63.Nd3 Rd1 64.Ke2 Rh1 65.Bc3 1/2-1/2

[Event "Canada vs. USA"]
[Site "CCCA"]
[Date "2014.01.17"]
[Round "1"]
[White "Taylor, Bob"]
[Black "Quigley, Daniel J."]
[Result "1/2-1/2"]
[WhiteElo "2098"]
[BlackElo "2100"]
[EventDate "2014.01.17"]
[Board "14"]
[WhiteTeam "Canada"]
[BlackTeam "U.S.A."]

1.d4 Nf6 2.c4 e5 3.dxe5 Ng4 4.Bf4 Nc6 5.Nf3 Bb4+ 6.Nc3 Bxc3+ 7.bxc3 Qe7 8.
Qd5 f6 9.exf6 Nxf6 10.Qd3 d6 11.g3 Ne5 12.Nxe5 dxe5 13.Bg5 Be6 14.Bg2 c6 
15.O-O O-O 16.Rfb1 h6 17.Bxf6 Rxf6 18.Rb2 Raf8 19.Rd2 Rxf2 20.Qd6 Rxg2+ 
21.Kxg2 Qf7 22.Qc5 Qf5 23.Kg1 Qe4 24.Rd3 Bh3 25.Rf3 Rxf3 26.exf3 Qxf3 27.
Qf2 Qxc3 28.Re1 Be6 29.c5 b5 30.cxb6 axb6 31.a4 Bd5 32.Re3 Qd4 33.Re2 Qxa4
34.Rxe5 Be4 35.Re8+ Kh7 36.Qf8 Qd1+ 37.Qf1 Qd5 38.Qf2 b5 39.Qf8 Qa2 40.Qf2
Qb1+ 1/2-1/2

[Event "Canada vs. USA"]
[Site "CCCA"]
[Date "2014.01.17"]
[Round "2"]
[White "Brzezinski, Brian"]
[Black "Fillion, Steve"]
[Result "1-0"]
[WhiteElo "2089"]
[BlackElo "2087"]
[EventDate "2014.01.17"]
[Board "16"]
[WhiteTeam "U.S.A."]
[BlackTeam "Canada"]

1.c4 e6 2.g3 Nf6 3.Bg2 d5 4.Nf3 Be7 5.O-O O-O 6.d4 c6 7.Qc2 b6 8.Nbd2 Bb7 
9.e4 Na6 10.e5 Nd7 11.a3 c5 12.dxc5 bxc5 13.Rd1 Rb8 14.cxd5 exd5 15.Bh3 
Nc7 16.Ne4 h6 17.b4 cxb4 18.axb4 Ne6 19.Nc5 Qc8 20.Bxe6 fxe6 21.Qg6 Bxc5 
22.Bxh6 Bxf2+ 23.Kg2 Rf7 24.Ng5 Qe8 25.Qh7+ Kf8 26.Bxg7+ Rxg7 27.Qh8+ Rg8 
28.Qh6+ Ke7 29.Qxe6+ Kf8 30.Qh6+ Rg7 31.Ne6+ Kf7 32.Nxg7 Qxe5 33.Rf1 d4+ 
34.Kxf2 Qe3+ 35.Qxe3 dxe3+ 36.Kxe3+ Kxg7 37.Rxa7 Nf6 38.Rd1 Re8+ 39.Kf2 
Re7 40.Kg1 Ng4 41.b5 Ne5 42.b6 Kg6 43.Rd6+ Kf5 44.h3 Ke4 45.Rf6 Nf3+ 46.
Kf2 Nd2 47.Rc6 Rf7+ 48.Ke2 Nf1 49.Ra4+ Ke5 50.Rc5+ Kd6 51.Rc3 Bg2 52.h4 
Bc6 53.Ra7 Bb7 54.g4 Nh2 55.g5 Ng4 56.h5 Rf2+ 57.Ke1 1-0

[Event "Canada vs. USA"]
[Site "CCCA"]
[Date "2014.01.17"]
[Round "1"]
[White "Fillion, Steve"]
[Black "Brzezinski, Brian"]
[Result "0-1"]
[WhiteElo "2087"]
[BlackElo "2089"]
[EventDate "2014.01.17"]
[Board "16"]
[WhiteTeam "Canada"]
[BlackTeam "U.S.A."]

1.e4 c5 2.Nf3 d6 3.d4 cxd4 4.Nxd4 Nf6 5.Nc3 a6 6.Bc4 e6 7.Bb3 b5 8.O-O Be7
9.Qf3 Qb6 10.Be3 Qb7 11.Qg3 b4 12.Na4 Nbd7 13.f3 O-O 14.Rfd1 Ne5 15.a3 
bxa3 16.Rxa3 Bd7 17.Ne2 Bb5 18.Nec3 Nfd7 19.Bd4 g6 20.Qf2 Nc6 21.Be3 Rab8 
22.Raa1 Qc7 23.Kh1 Na5 24.Ba2 Rfc8 25.Qd2 Nb7 26.Bb1 Nd8 27.Nxb5 axb5 28.
Nc3 b4 29.Na4 Nc6 30.Ba2 Na5 31.Rac1 Qc6 32.b3 Bf8 33.Kg1 Qb7 34.Bf4 Rc6 
35.Qe2 Rbc8 36.Rd2 Nb6 37.Nb2 Bg7 38.Nd3 Nd7 39.Kh1 Bc3 40.Rdd1 Ra6 41.Bb1
Nc6 42.Rf1 Nd4 43.Qf2 Nc5 44.Rcd1 Nxd3 45.Rxd3 Nb5 46.Qe2 Qc6 47.Bg3 Ra1 
48.Rdd1 e5 49.f4 exf4 50.Bxf4 Re8 0-1

[Event "Canada vs. USA"]
[Site "CCCA"]
[Date "2014.01.17"]
[Round "2"]
[White "Towery, Bryan"]
[Black "Byrne, Veronica"]
[Result "0-1"]
[WhiteElo "1655"]
[BlackElo "1648"]
[EventDate "2014.01.17"]
[Board "31"]
[WhiteTeam "U.S.A."]
[BlackTeam "Canada"]

1.e4 e5 2.Nf3 Nf6 3.Nxe5 d5 4.b3 Bd6 5.Bb2 Nxe4 6.Nf3 Qe7 7.Be2 Bc5 8.d4 
Bb4+ 9.c3 Nc6 10.O-O Bd6 11.a3 a6 12.Bd3 Bg4 13.Re1 O-O 14.Nbd2 Bxh2+ 15.
Kxh2 h5 16.Qc2 Bxf3 17.Nxf3 Qd6+ 18.g3 h4 19.Nxh4 Rae8 20.Nf5 Qg6 21.Nh4 
Qg4 22.c4 g5 23.Be2 Qd7 24.Qc1 gxh4 25.gxh4 Qd6+ 26.f4 Re6 27.c5 Qe7 28.f5
Qxh4+ 0-1

[Event "Canada vs. USA"]
[Site "CCCA"]
[Date "2014.01.17"]
[Round "1"]
[White "Byrne, Veronica"]
[Black "Towery, Bryan"]
[Result "0-1"]
[WhiteElo "1648"]
[BlackElo "1655"]
[EventDate "2014.01.17"]
[Board "31"]
[WhiteTeam "Canada"]
[BlackTeam "U.S.A."]

1.e4 c6 2.c4 d5 3.Qc2 d4 4.Nf3 Na6 5.a3 e6 6.b4 Be7 7.h4 Bf6 8.d3 e5 9.Be2
Nc7 10.c5 Bg4 11.Bg5 Ne6 12.Qb3 Bxf3 13.Bxf3 h6 14.Bxf6 Nxf6 15.Nd2 h5 16.
Nc4 O-O 17.Nxe5 Qc7 18.Ng6 Rfe8 19.O-O-O fxg6 20.Be2 Kh7 21.g3 a5 22.f4 
axb4 23.Qxb4 Ra5 24.Rd2 Nxc5 25.e5 Nd5 26.Qb2 Nc3 27.Bf3 Rb5 28.Qc2 Nb3+ 
29.Qxb3 Rxb3 30.f5 Qa5 31.fxg6+ Kh6 32.g4 Qxa3+ 0-1

[Event "Canada vs. USA"]
[Site "CCCA"]
[Date "2014.01.17"]
[Round "2"]
[White "Risovic, Aleksandar"]
[Black "Fortin, Michel"]
[Result "0-1"]
[WhiteElo "1669"]
[BlackElo "1648"]
[EventDate "2014.01.17"]
[Board "33"]
[WhiteTeam "U.S.A."]
[BlackTeam "Canada"]

1.e4 c5 2.Nf3 Nc6 3.d4 cxd4 4.Nxd4 Nf6 5.Nc3 e5 6.Nb3 Bb4 7.Bc4 Nxe4 8.O-O
Nxc3 9.bxc3 Be7 10.f4 d6 11.f5 O-O 12.Bd5 Bf6 13.Be3 Ne7 14.g4 Nxd5 15.
Qxd5 Qe7 16.Rad1 Rd8 17.c4 Bg5 18.Rf3 h5 19.h3 hxg4 20.hxg4 Bxe3+ 21.Rxe3 
Qg5 22.Rg3 Bxf5 23.Rf1 Be6 24.Qxb7 f5 25.Na5 f4 26.Rg2 Bxg4 27.Qd5+ Kh7 
28.Rh2+ Bh5+ 29.Kh1 Kh6 30.Qe6+ Qf6 31.Qh3 g6 32.Nc6 Re8 33.Nb4 Qe6 34.Qd3
e4 35.Qd4 Qe5 36.Qf2 Rf8 37.Nd5 Kg7 38.Re1 e3 39.Qh4 Bf3+ 40.Kg1 Bxd5 41.
cxd5 Rh8 0-1

[Event "Canada vs. USA"]
[Site "CCCA"]
[Date "2014.01.17"]
[Round "1"]
[White "Fortin, Michel"]
[Black "Risovic, Aleksandar"]
[Result "1/2-1/2"]
[WhiteElo "1648"]
[BlackElo "1669"]
[EventDate "2014.01.17"]
[Board "33"]
[WhiteTeam "Canada"]
[BlackTeam "U.S.A."]

1.Nf3 Nf6 2.g3 d5 3.c4 dxc4 4.Na3 c5 5.Nxc4 Nc6 6.Bg2 g6 7.b3 Bg7 8.Bb2 
O-O 9.O-O Be6 10.Rc1 Rc8 11.d4 cxd4 12.Nxd4 Bd5 13.Nxc6 Bxc6 14.Bxc6 Rxc6 
15.Qxd8 Rxd8 16.Rfd1 Rdc8 17.Ne3 Rxc1 18.Rxc1 Rxc1+ 19.Bxc1 1/2-1/2

[Event "Canada vs. USA"]
[Site "CCCA"]
[Date "2014.01.17"]
[Round "2"]
[White "O'Connell, C."]
[Black "Morley, Paul"]
[Result "1/2-1/2"]
[WhiteElo "2387"]
[BlackElo "2379"]
[EventDate "2014.01.17"]
[Board "1"]
[WhiteTeam "U.S.A."]
[BlackTeam "Canada"]

1.Nf3 Nf6 2.c4 c5 3.Nc3 e6 4.e3 d5 5.d4 Nc6 6.cxd5 exd5 7.Bb5 Bd6 8.dxc5 
Bxc5 9.O-O O-O 10.b3 Be6 11.Bb2 Qe7 12.Ne2 Ba3 13.Bxa3 Qxa3 14.Qc1 Qd6 15.
Qb2 a6 16.Bd3 Nb4 17.Rad1 Bg4 18.Nfd4 Rfc8 19.Bb1 Nc6 20.h3 Nxd4 21.Rxd4 
Bxe2 22.Qxe2 Qe5 23.Rfd1 g6 24.Qf3 b5 25.g4 h6 26.Kg2 Kg7 27.Qg3 1/2-1/2

[Event "Canada vs. USA"]
[Site "CCCA"]
[Date "2014.01.17"]
[Round "1"]
[White "Morley, Paul"]
[Black "O'Connell, C."]
[Result "1/2-1/2"]
[WhiteElo "2379"]
[BlackElo "2387"]
[EventDate "2014.01.17"]
[Board "1"]
[WhiteTeam "Canada"]
[BlackTeam "U.S.A."]

1.c4 f5 2.d4 Nf6 3.Nc3 e6 4.e3 b6 5.Bd3 Bb7 6.f3 g6 7.Nge2 Bg7 8.O-O Nc6 
9.a3 Qe7 10.b4 O-O 11.c5 Kh8 12.Rb1 e5 13.Bc4 Nd8 14.Qb3 e4 15.f4 c6 16.a4
a6 17.Qc2 b5 18.Bb3 d5 19.Bd2 Ne6 20.Ra1 Rfb8 21.Ra2 Bc8 22.Rfa1 Nc7 23.
Nc1 Qd8 1/2-1/2

[Event "Canada vs. USA"]
[Site "CCCA"]
[Date "2014.01.17"]
[Round "2"]
[White "Chilson, Steven W."]
[Black "Marchant, Murray Scott"]
[Result "0-1"]
[WhiteElo "2134"]
[BlackElo "2105"]
[EventDate "2014.01.17"]
[Board "12"]
[WhiteTeam "U.S.A."]
[BlackTeam "Canada"]

1.e4 c5 2.Nf3 d6 3.d4 cxd4 4.Qxd4 Nc6 5.Bb5 Bd7 6.Qd3 a6 7.Bxc6 Bxc6 8.O-O
Nf6 9.Nc3 e6 10.Bf4 d5 11.e5 Nd7 12.Nd4 Qh4 13.Bg3 Qh5 14.f4 Bc5 15.f5 O-O
16.Kh1 Bxd4 17.Qxd4 Rfe8 18.Rae1 Rac8 19.b4 exf5 20.Nxd5 Nf8 21.c4 b5 22.
Qa7 bxc4 23.Ne7+ Rxe7 24.Qxe7 c3 25.e6 fxe6 26.Be5 Qg6 27.Rf2 Be4 28.Rc1 
Qh6 29.Rf4 c2 30.Kg1 Qg6 31.Rf2 Qf7 32.Qd6 Qd7 33.Rd2 Qxd6 34.Rxd6 Ng6 35.
Bb2 Nf4 36.Rd2 Nd5 37.a3 g5 38.Kf2 Kf7 39.Ke1 Nf4 40.Kf1 Kg6 41.Kg1 h5 42.
g3 Nd5 43.Kf2 h4 44.gxh4 g4 45.Bd4 Rc4 46.Bb2 Kh5 47.Be5 Kxh4 48.Kg1 f4 
49.Rd4 Rxd4 50.Bxd4 g3 51.hxg3+ fxg3 52.Be5 Kg4 53.Kf1 Nf4 54.Bxf4 Kxf4 
55.Ke2 Bf3+ 56.Kf1 Bd1 57.Kg2 e5 58.a4 e4 59.b5 e3 60.b6 Bf3+ 61.Kg1 e2 
62.a5 Ke3 0-1

[Event "Canada vs. USA"]
[Site "CCCA"]
[Date "2014.01.17"]
[Round "1"]
[White "Marchant, Murray Scott"]
[Black "Chilson, Steven W."]
[Result "1/2-1/2"]
[WhiteElo "2105"]
[BlackElo "2134"]
[EventDate "2014.01.17"]
[Board "12"]
[WhiteTeam "Canada"]
[BlackTeam "U.S.A."]

1.e4 c5 2.Nf3 e6 3.d4 cxd4 4.Nxd4 Nc6 5.Nc3 Qc7 6.Be2 a6 7.O-O Nf6 8.Be3 
Bb4 9.Na4 Be7 10.Nxc6 bxc6 11.Nb6 Rb8 12.Nxc8 Qxc8 13.Bd4 c5 14.Be5 Rb6 
15.Qd3 d6 16.Bc3 O-O 17.b3 d5 18.exd5 Nxd5 19.Bd2 Bf6 20.Rad1 Nb4 21.Qc4 
Rd8 22.Bc3 Bxc3 23.Qxc3 Rbd6 24.Rxd6 Rxd6 25.a3 Nd5 26.Qg3 Qd8 27.Qe5 f6 
28.Qg3 g6 29.h4 1/2-1/2

[Event "Canada vs. USA"]
[Site "CCCA"]
[Date "2014.01.17"]
[Round "2"]
[White "Ellis, James R."]
[Black "Giroux, Marc"]
[Result "0-1"]
[WhiteElo "2037"]
[BlackElo "2054"]
[EventDate "2014.01.17"]
[Board "19"]
[WhiteTeam "U.S.A."]
[BlackTeam "Canada"]

1.Nf3 d5 2.c4 c6 3.e3 Nf6 4.Nc3 e6 5.b3 Bd6 6.Bb2 O-O 7.Qc2 Qe7 8.Be2 Nbd7
9.O-O Re8 10.d4 b6 11.cxd5 exd5 12.Rfd1 Bb7 13.g3 a5 14.Rac1 b5 15.Bf1 a4 
16.Bh3 h6 17.Ne2 b4 18.Nh4 Qf8 19.Nf3 a3 20.Ba1 Qe7 21.Nf4 g5 22.Bxd7 Qxd7
23.Ne5 Bxe5 24.dxe5 gxf4 25.exf6 Qh3 26.Qe2 c5 27.Rxc5 d4 28.Qf1 Qxf1+ 29.
Kxf1 Ba6+ 30.Kg2 dxe3 31.fxe3 fxe3 32.Re1 Rad8 33.Be5 Rd2+ 34.Kf3 Rxa2 35.
Ra5 Rxh2 36.Kxe3 Rc2 37.Kd4 Bc8 38.Ra8 Kh7 0-1

[Event "Canada vs. USA"]
[Site "CCCA"]
[Date "2014.01.17"]
[Round "1"]
[White "Giroux, Marc"]
[Black "Ellis, James R."]
[Result "1/2-1/2"]
[WhiteElo "2054"]
[BlackElo "2037"]
[EventDate "2014.01.17"]
[Board "19"]
[WhiteTeam "Canada"]
[BlackTeam "U.S.A."]

1.e4 e5 2.Nf3 Nc6 3.Bc4 Bc5 4.c3 Nf6 5.d3 a6 6.Bb3 O-O 7.O-O Ba7 8.Nbd2 d6
9.h3 Be6 10.Re1 Bxb3 11.Qxb3 Qd7 12.Nf1 h6 13.Ng3 Rfe8 14.Bd2 d5 15.Rad1 
Qe6 16.exd5 Qxd5 17.Ne4 Qxb3 18.Nxf6+ gxf6 19.axb3 Kg7 20.Be3 Bxe3 21.fxe3
a5 22.d4 a4 23.bxa4 Rxa4 24.Nh4 Ra2 25.Re2 exd4 26.cxd4 Re4 27.Nf5+ Kg6 
28.Ng3 Re8 29.e4 Ne7 30.Rc2 c6 31.Rf2 1/2-1/2

[Event "Canada vs. USA"]
[Site "CCCA"]
[Date "2014.01.17"]
[Round "2"]
[White "Zenkov, Viktor"]
[Black "Glover, Vanessa"]
[Result "1-0"]
[WhiteElo "1761"]
[BlackElo "1717"]
[EventDate "2014.01.17"]
[Board "26"]
[WhiteTeam "U.S.A."]
[BlackTeam "Canada"]

1.e4 e5 2.Nf3 d6 3.Bc4 h6 4.d4 Bg4 5.dxe5 Bxf3 6.Qxf3 Qe7 7.exd6 cxd6 8.
Nc3 Nf6 9.O-O Nc6 10.Nd5 Ne5 11.Bb5+ Nfd7 12.Qc3 Nf3+ 13.Qxf3 Qd8 14.Bf4 
a6 15.Bc4 b5 16.Bb3 Ne5 17.Bxe5 dxe5 18.Nb6 f6 19.Qh5+ 1-0

[Event "Canada vs. USA"]
[Site "CCCA"]
[Date "2014.01.17"]
[Round "1"]
[White "Glover, Vanessa"]
[Black "Zenkov, Viktor"]
[Result "0-1"]
[WhiteElo "1717"]
[BlackElo "1761"]
[EventDate "2014.01.17"]
[Board "26"]
[WhiteTeam "Canada"]
[BlackTeam "U.S.A."]

1.d4 Nf6 2.e3 g6 3.Nc3 Bg7 4.e4 d6 5.Nf3 O-O 6.e5 dxe5 7.dxe5 Qxd1+ 8.Nxd1
Ng4 9.Bf4 Nc6 10.Bc4 Ngxe5 11.Nxe5 Nxe5 12.Bxe5 Bxe5 13.b3 Bxa1 14.O-O Bg7
15.Ne3 a6 16.h3 c6 17.f4 b5 18.Bd3 e5 19.fxe5 Bxe5 20.a4 Bb7 21.Ng4 Bd4+ 
22.Kh1 f5 23.Nh2 c5 24.Nf3 Be4 25.Bxe4 fxe4 26.c3 exf3 27.g3 Bxc3 28.g4 
Rae8 29.axb5 axb5 30.Rc1 f2 31.Kg2 Re1 32.Rxe1 fxe1=Q 0-1

[Event "Canada vs. USA"]
[Site "CCCA"]
[Date "2014.01.17"]
[Round "2"]
[White "Henderson, Greg"]
[Black "Giroux, Marc"]
[Result "1/2-1/2"]
[WhiteElo "2056"]
[BlackElo "2054"]
[EventDate "2014.01.17"]
[Board "18"]
[WhiteTeam "U.S.A."]
[BlackTeam "Canada"]

1.g3 d5 2.Nf3 Nf6 3.Bg2 c6 4.O-O Bf5 5.c4 h6 6.d3 dxc4 7.Ne5 Nbd7 8.Nxc4 
e5 9.Nbd2 Be6 10.Nf3 Bxc4 11.dxc4 Bc5 12.Nh4 O-O 13.Qc2 a5 14.Nf5 Qc7 15.
Bd2 Rfd8 16.Rad1 Bf8 17.b3 Nc5 18.Bc3 g6 19.Ne3 Rd7 20.Rxd7 Nfxd7 21.Rd1 
h5 22.Qd2 Bg7 23.Nc2 Ne6 24.Ne1 Ndc5 25.Nd3 Nxd3 26.exd3 h4 27.Bh3 Nd4 28.
Bxd4 exd4 29.Re1 Bf6 30.Re4 hxg3 31.hxg3 1/2-1/2

[Event "Canada vs. USA"]
[Site "CCCA"]
[Date "2014.01.17"]
[Round "1"]
[White "Giroux, Marc"]
[Black "Henderson, Greg"]
[Result "1-0"]
[WhiteElo "2054"]
[BlackElo "2056"]
[EventDate "2014.01.17"]
[Board "18"]
[WhiteTeam "Canada"]
[BlackTeam "U.S.A."]

1.e4 e6 2.d4 d5 3.e5 c5 4.c3 Nc6 5.Nf3 Bd7 6.dxc5 Bxc5 7.b4 Bb6 8.b5 Na5 
9.Bd3 Ne7 10.O-O Rc8 11.a4 Ng6 12.Re1 O-O 13.Ra2 h6 14.g3 f5 15.Ba3 Bc5 
16.Bb4 Qb6 17.Kg2 Ne7 18.Nbd2 Be8 19.Qb1 g5 20.Rc2 Bh5 21.Bxc5 Bxf3+ 22.
Nxf3 Qxc5 23.h4 g4 24.Nd4 Kf7 25.Qc1 Rh8 26.Qf4 Ng6 27.Qe3 Nc4 28.Bxc4 
Qxc4 29.h5 Ne7 30.Ra1 Qc7 31.a5 Qd7 32.Rb1 Rc4 33.Rb4 Qc8 34.Kh2 Qc5 35.
Rc1 Qc8 36.Kg2 Qg8 37.Ne2 Qg5 38.Nf4 Rhc8 39.Rxc4 Rxc4 40.Qxa7 Re4 41.a6 
bxa6 42.bxa6 Rxe5 43.Qd7 Re4 44.a7 Rxf4 45.gxf4 Qxf4 46.a8=Q 1-0

[Event "Canada vs. USA"]
[Site "CCCA"]
[Date "2014.01.17"]
[Round "2"]
[White "Greig, Steve"]
[Black "Thompson, Edward"]
[Result "1-0"]
[WhiteElo "2017"]
[BlackElo "2014"]
[EventDate "2014.01.17"]
[Board "20"]
[WhiteTeam "U.S.A."]
[BlackTeam "Canada"]

1.e4 e6 2.d4 b6 3.Nf3 Bb7 4.Bd3 c5 5.c3 Nf6 6.e5 Nd5 7.O-O cxd4 8.cxd4 h6 
9.Bd2 a6 10.Nc3 Be7 11.Rc1 b5 12.Qe2 Nb6 13.a3 Nc6 14.Ne4 Rc8 15.h3 Nd5 
16.b4 Rc7 17.Rc2 Na7 18.Nc5 Qa8 19.Ne1 Nc6 20.Qg4 g6 21.Nf3 Nd8 22.Rfc1 
Bxc5 23.dxc5 Ne7 24.Nh2 Nf5 25.f3 Bd5 26.Qf4 Nc6 27.Bc3 h5 28.Nf1 Ra7 29.
Nd2 Qd8 30.Ne4 Bxe4 31.Bxe4 h4 32.Rd1 Qe7 33.Be1 Rc7 34.Bf2 Ra7 35.Rcd2 g5
36.Qh2 O-O 37.Rd6 Rfa8 38.f4 a5 39.bxa5 Rc7 40.Be1 Ne3 41.R1d3 1-0

[Event "Canada vs. USA"]
[Site "CCCA"]
[Date "2014.01.17"]
[Round "1"]
[White "Thompson, Edward"]
[Black "Greig, Steve"]
[Result "0-1"]
[WhiteElo "2014"]
[BlackElo "2017"]
[EventDate "2014.01.17"]
[Board "20"]
[WhiteTeam "Canada"]
[BlackTeam "U.S.A."]

1.c4 e6 2.Nf3 d5 3.g3 dxc4 4.Bg2 a6 5.Nc3 Nf6 6.Ne5 Qd4 7.Qa4+ c6 8.f4 b5 
9.Qa5 Bc5 10.Rf1 O-O 11.Nxb5 cxb5 12.Bxa8 Qd6 13.Qc3 Nd5 14.Qc2 f6 15.Ng4 
Nc6 16.Bxc6 Qxc6 17.a4 Nb4 18.Qc3 Qd6 19.axb5 Bd4 20.Qxc4 Bb7 21.Ne3 Bxe3 
22.dxe3 Rc8 23.Qxc8+ Bxc8 0-1

[Event "Canada vs. USA"]
[Site "CCCA"]
[Date "2014.01.17"]
[Round "2"]
[White "Capron, Mark"]
[Black "Jones, Catriona"]
[Result "1/2-1/2"]
[WhiteElo "1864"]
[BlackElo "1867"]
[EventDate "2014.01.17"]
[Board "25"]
[WhiteTeam "U.S.A."]
[BlackTeam "Canada"]

1.e4 c5 2.Nf3 Nc6 3.d4 cxd4 4.Nxd4 e5 5.Nb5 d6 6.N1c3 a6 7.Na3 b5 8.Nd5 
Nf6 9.Bg5 Be7 10.Bxf6 Bxf6 11.c4 b4 12.Nc2 a5 13.g3 O-O 14.Bg2 Ba6 15.b3 
Bg5 16.O-O Ne7 17.Nce3 Nxd5 18.Nxd5 Bb7 19.h4 Be7 20.Qe2 Bxd5 21.cxd5 Rc8 
22.Rac1 Qd7 23.Kh2 Rc3 24.Rxc3 bxc3 25.Rc1 Qc7 26.Qc4 Qxc4 27.bxc4 Rb8 28.
Rxc3 Rb2 29.Ra3 Bd8 30.Rb3 Rxb3 31.axb3 Bb6 32.Kg1 f6 33.Bh3 g6 34.Kf1 Kf7
35.Be6+ 1/2-1/2

[Event "Canada vs. USA"]
[Site "CCCA"]
[Date "2014.01.17"]
[Round "1"]
[White "Jones, Catriona"]
[Black "Capron, Mark"]
[Result "0-1"]
[WhiteElo "1867"]
[BlackElo "1864"]
[EventDate "2014.01.17"]
[Board "25"]
[WhiteTeam "Canada"]
[BlackTeam "U.S.A."]

1.e4 e5 2.Nf3 Nf6 3.d3 Nc6 4.Be3 d5 5.exd5 Nxd5 6.c3 Bg4 7.Bd2 Qf6 8.Be2 
Be7 9.Bg5 Qg6 10.Bxe7 Bxf3 11.Bxf3 Ndxe7 12.O-O O-O-O 13.Be4 f5 14.Bf3 e4 
15.Bh5 Qg5 16.d4 Nd5 17.Bf7 Nf4 18.g3 Ne5 19.dxe5 Rxd1 20.Rxd1 h5 21.Na3 
h4 22.Nc4 hxg3 23.hxg3 Qh6 24.Be6+ Nxe6 25.Kf1 Qh1+ 26.Ke2 Qf3+ 27.Kd2 
Qd3+ 28.Ke1 Rh1# 0-1

[Event "Canada vs. USA"]
[Site "CCCA"]
[Date "2014.01.17"]
[Round "2"]
[White "Schuttenhelm, Lance"]
[Black "Glover, Vanessa"]
[Result "1-0"]
[WhiteElo "1732"]
[BlackElo "1717"]
[EventDate "2014.01.17"]
[Board "27"]
[WhiteTeam "U.S.A."]
[BlackTeam "Canada"]

1.Nf3 b6 2.a4 Bb7 3.a5 Nc6 4.a6 Bc8 5.g3 Nb4 6.e4 d6 7.Bb5+ Bd7 8.Ba4 e5 
9.Bb3 h6 10.d3 Bg4 11.Nbd2 Nf6 12.Ba4+ c6 13.Nc4 b5 14.c3 Nxa6 15.Bb3 bxc4
16.Bxc4 Nc5 17.h3 Bxf3 18.Qxf3 d5 19.exd5 cxd5 20.Bb5+ Ke7 21.O-O e4 22.
Qe3 Qb6 23.Ba4 Ke6 24.f4 g5 25.f5+ Kd6 26.d4 Nxa4 27.Rxa4 Kd7 28.b4 Bd6 
29.g4 Bf4 30.Qe2 Rhc8 31.Ra6 Qb7 32.Qa2 Rxc3 33.Qa4+ Kc8 34.Rxf6 Bxc1 35.
Qe8+ Kc7 36.Rxf7+ Kb6 37.Rxb7+ Kxb7 38.Qd7+ Rc7 39.Qxd5+ Kb8 40.f6 Be3+ 
41.Kh1 a6 42.f7 Ka7 43.f8=Q Rxf8 44.Rxf8 Bf4 45.Qa8+ Kb6 46.Rb8+ Rb7 47.
Qxb7# 1-0